000 00679nam a2200205 i 4500
001 16418
003 ES-MaACL
005 20230906151321.0
007 t|
008 000918s1959 sp ||||1| spa d
080 _a821.134.2 Valle-Inclán, Ramón del 1.06
100 1 _aIglesias, Carmen.
_965073
245 1 3 _aEl "esperpento" en la obra de Valle-Inclán /
_cCarmen Iglesias.
260 _a[S.l :
_bs.n.],
_c1959.
300 _a39 p. ;
_c24 cm.
500 _aSobretiro de Cuadernos Americanos nº 4 de 1959.
600 1 4 _aValle-Inclán, Ramón del,
_d1866-1936-
_xCrítica e interpretación
_9112800
852 _aES-MaACL
_jG-2164
_bR.115951
999 _c16418
_d16418